• 首页
  • 本馆介绍
  • 公告通知
  • 最新文献
  • 馆藏检索
  • 电子资源
  • 读者导购
  • 参考咨询
  • 我的图书馆
  • 登录
  • 详细信息显示
  • 放入我的书架
  • 预约/预借图书
  • 作者相关作品
  • 分类相关作品
  • 丛书相关作品
  • 出版社相关作品

书目信息

  • 表格格式
  • 工作单格式
  • 卡片格式
题名:
实用妇科学
    
 
作者: ;山东省人民医院 主编
分册:  
出版信息: 济南   山东科学技术出版社  1978
页数: 738页
开本: 26cm
丛书名:
单 册:
中图分类: R711
科图分类:
主题词: 妇科学
电子资源:
ISBN:
000 00617nam0 2200229 45
001 0178001050
005 20061121100840.23
010    @b精装@dCNY5.80
091    @a14195.17
100    @a19950803d1978 em y0chiy0121 ea
101 0  @achi
102    @aCN@b370000
105    @ay z 000yy
200 10 @a实用妇科学@Ashi yong fu ke xue@f山东省人民医院等主编
210    @a济南@c山东科学技术出版社@d1978
215    @a738页@d26cm
517 1  @a妇科学@Afu ke xue
606    @a妇科学
690    @aR711@v3
711 02 @a山东省人民医院@Ashan dong sheng ren min yi yuan@4主编
801  0 @aCN@bNLC@c20061121
905    @dR711@e2
    
    实用妇科学/山东省人民医院等主编.-济南:山东科学技术出版社,1978
    738页;26cm
    
    
    ISBN (精装):CNY5.80
    
●
相关链接 在E读中查询图书 在五车中查询图书 在当当中查询图书 在豆瓣中查询图书


正题名:实用妇科学     索取号:R711/2         预约/预借

序号 登录号 条形码 馆藏地/架位号 状态 备注
1 0023860   000716069   第二样本阅览室/ [索取号:R711/2] 在馆    
唐山师范学院图书馆 欢迎您!
大连网信软件有限公司© 版权所有